Poemas por Palestina (Record no. 181872)

MARC details
000 -LEADER
campo de control de longitud fija 00767nam a2200229 i 4500
001 - NÚMERO DE CONTROL
campo de control 181872
003 - IDENTIFICADOR DE NÚMERO DE CONTROL
campo de control ES-MaACL
005 - FECHA Y HORA DE LA ÚLTIMA TRANSACCIÓN
campo de control 20240415105055.0
008 - DATOS DE LONGITUD FIJA--INFORMACIÓN GENERAL
campo de control de longitud fija 130503s2009 ag |||| | spa d
020 ## - NÚMERO INTERNACIONAL ESTÁNDAR DEL LIBRO
Número Internacional Estándar del Libro 978-987-02-3922-2
080 ## - NÚMERO DE LA CLASIFICACIÓN DECIMAL UNIVERSAL
Número de la Clasificación Decimal Universal 82-1"19"(082.2)
245 00 - MENCIÓN DEL TÍTULO
Título Poemas por Palestina
Resto del título : poemas de paz, poemas de vida /
Mención de responsabilidad, etc. Autores varios ; [coordinado por Andrea López y Raquel Herrero Alverola].
250 ## - MENCION DE EDICION
Mención de edición [1ª ed.].
260 ## - PUBLICACIÓN, DISTRIBUCIÓN, ETC.
Lugar de publicación, distribución, etc. Buenos Aires :
Nombre del editor, distribuidor, etc. Dunken,
Fecha de publicación, distribución, etc. 2009.
300 ## - DESCRIPCIÓN FÍSICA
Extensión 157 p. ;
Dimensiones 23 cm.
650 04 - PUNTO DE ACCESO ADICIONAL DE MATERIA--TÉRMINO DE MATERIA
Término de materia o nombre geográfico como elemento de entrada Poesía-
Subdivisión cronológica S.XX
9 (RLIN) 16200
700 1# - ENTRADA AGREGADA--NOMBRE PERSONAL
Nombre de persona López, Andrea.
9 (RLIN) 152675
700 1# - ENTRADA AGREGADA--NOMBRE PERSONAL
Nombre de persona Herrero Alverola, Raquel.
9 (RLIN) 152676
852 ## - LOCALIZACIÓN
Ubicación ES-MaACL
Número de control de estantería A-12699
itemnumber 188780
Sublocalización o colección R.148970
Ubicación en estantería Depósito 1
Signatura antigua Olim: N-5699
942 ## - ELEMENTOS DE ENTRADA SECUNDARIOS (KOHA)
Fuente del sistema de clasificación o colocación Clasificación decimal universal
Tipo de ítem Koha Libro impreso
Holdings
Estatus retirado Estado de pérdida Fuente del sistema de clasificación o colocación Estado de daño No para préstamo Biblioteca de origen Biblioteca actual Ubicación en estantería Fecha de adquisición Fuente de adquisición Total de préstamos Signatura topográfica completa Código de barras Visto por última vez Precio de reemplazo Tipo de ítem Koha
    Clasificación decimal universal     Biblioteca del Ateneo de Madrid Biblioteca del Ateneo de Madrid Depósito 1 03/05/2013 Donación   A-12699 1191130 23/02/2023 23/02/2023 Libro impreso